书目信息 |
| 题名: |
FRANK GEHRY RECENT PROJECT
|
|
| 作者: | 雄二川 编辑 | |
| 分册: | ||
| 出版信息: | 东京 A.D.A EDITA东京有限公司 2011 |
|
| 页数: | 171页 | |
| 开本: | 20cm | |
| 丛书名: | ||
| 单 册: | ||
| 中图分类: | TU204.132 | |
| 科图分类: | ||
| 主题词: | 建筑设计 | |
| 电子资源: | ||
| ISBN: | 978-4-87140-673-4 | |
| 000 | 00690nam0 2200229 45 | |
| 001 | 1240169738 | |
| 005 | 20120218111339.35 | |
| 010 | @a978-4-87140-673-4@dCNY480.00 | |
| 092 | @aCN@bRCJZ | |
| 100 | @a20111107d2011 ekmy0 y0120 ea | |
| 102 | @aCN@b130000 | |
| 105 | @ay z 000yy | |
| 200 | 1 | @aFRANK GEHRY RECENT PROJECT@e佛兰克盖里@f雄二川编辑@Fxiong er chuan bian ji |
| 210 | @a东京@cA.D.A EDITA东京有限公司@d2011 | |
| 215 | @a171页@d20cm | |
| 517 | 1 | @a佛兰克盖里@Afo lan ke gai li |
| 606 | 0 | @a建筑设计 |
| 690 | @aTU204.132@v4 | |
| 701 | 0 | @a雄二川@Axiong er chuan@4编辑 |
| 801 | 0 | @aCN@b安徽儒林@c20111107 |
| 905 | @a10447@dTU204.132@eX631 | |
| 906 | @cRCJZ@dCNY480.00@n2@r1 | |
| FRANK GEHRY RECENT PROJECT:佛兰克盖里/雄二川编辑.-东京:A.D.A EDITA东京有限公司,2011 |
| 171页;20cm |
| ISBN 978-4-87140-673-4:CNY480.00 |
| ● |
| 相关链接 |
|
|
|
正题名:FRANK GEHRY RECENT PROJECT
索取号:TU204.132/X631
 
预约/预借
| 序号 | 登录号 | 条形码 | 馆藏地/架位号 | 状态 | 备注 |
| 1 | 483774 | 204837748 | 建筑库101/101建筑库 111排4列6层/ [索取号:TU204.132/X631] | 在馆 |